000 00728nam a2200229Ia 4500
003 GCL
008 140319s9999 xx 000 0 ara d
040 _aGCL /
_cGCL
082 0 4 _a891.7
_bب ت
100 1 _aبيلى، جون
245 1 0 _aتولستوى والرواية /
_cبيلى، جون
700 1 _aسليم الاسيوطى (مترجم)
260 _a[S.N] :
_bالهيئة المصرية العامة للكتاب ،
_c1986
300 _a341 ص
490 _a
650 0 4 _aالادب العربى
650 0 4 _aالادب الروسى
650 0 4 _aالقصة الروسية المترجمة
650 0 4 _aالقصة العربية المترجمة
650 0 4 _aتاريخ ونقد
942 _2ddc
_cBK
999 _c29488
_d29488